[Event "Troy (TCC/DEU/5/8)"]
[Site "?"]
[Date "1993.??.??"]
[Round "?"]
[White "Hartley, A."]
[Black "Jagodzinski, M."]
[Result "1-0"]
[WhiteElo "1605"]
[BlackElo "1605"]
[PlyCount "83"]
[EventDate "1993.??.??"]

{5/(8)} 1. e4 e5 2. Nf3 Nc6 3. d4 exd4 4. Nxd4 Nf6 5. Nc3 Bc5 6. Nb3 Bb4 7. f3
O-O 8. Bf4 d6 9. Bc4 Qe7 10. Qd2 Be6 11. Bxe6 Qxe6 12. O-O-O Rad8 13. a3 Ba5
14. Nxa5 Nxa5 15. Kb1 Nc4 16. Qd4 c5 17. Qd3 Nb6 18. Bxd6 Rfe8 19. e5 Nh5 20.
Qe3 Rc8 21. Bxc5 Nc4 22. Qf2 h6 23. Bxa7 Qa6 24. Bc5 b6 25. Bb4 Rxe5 26. Rhe1
Rb5 27. Nxb5 Qxb5 28. Re7 Kh7 29. Rdd7 Ra8 30. Ra7 Rd8 31. Qe2 f5 32. b3 Nxa3+
33. Bxa3 Qxe2 34. Rxe2 Nf4 35. Ree7 Rg8 36. Bb2 Nh5 37. g4 fxg4 38. fxg4 Nf4
39. Rxg7+ Rxg7 40. Rxg7+ Kh8 41. Rf7+ Kg8 42. Rxf4 1-0

[Event "Troy (TCC/DEU/3/10)"]
[Site "?"]
[Date "1993.??.??"]
[Round "?"]
[White "Hartley, A."]
[Black "Ho, E."]
[Result "0-1"]
[WhiteElo "1605"]
[BlackElo "1605"]
[PlyCount "46"]
[EventDate "1993.??.??"]

{3/(10)} 1. e4 c5 2. Nf3 Nc6 3. d4 cxd4 4. Nxd4 d6 5. Nc3 a6 6. Bc4 g6 7. Be3
Bg7 8. Qd2 Nxd4 9. Bxd4 Nf6 10. O-O-O O-O 11. f3 Bd7 12. Nd5 e5 13. Bb6 Qe8 14.
Nxf6+ Bxf6 15. Qxd6 Bg5+ 16. Kb1 Qc8 17. Qxd7 Qxc4 18. Qxb7 Rfc8 19. c3 Rab8
20. Qa7 Qc6 21. Bf2 Rb7 22. Rd6 Qb5 23. Rb6 Qd3+ 0-1

[Event "Flint (Class DE/1)"]
[Site "?"]
[Date "1993.??.??"]
[Round "?"]
[White "Harrison, T."]
[Black "Spencer, Gordon"]
[Result "1/2-1/2"]
[WhiteElo "1605"]
[BlackElo "1605"]
[PlyCount "101"]
[EventDate "1993.??.??"]

1. e4 g6 2. d4 Bg7 3. Nf3 d6 4. Nc3 a6 5. a4 Nd7 6. Be3 h6 7. Be2 Ngf6 8. e5
dxe5 9. dxe5 Ng4 10. Bf4 O-O 11. e6 fxe6 12. Nd4 Nxf2 13. Qd2 Nc5 14. Bxh6 Bxh6
15. Qxh6 Qxd4 16. Rf1 Qg7 17. Qxg7+ Kxg7 18. Rxf2 Bd7 19. Rxf8 Rxf8 20. b4 Bc6
21. bxc5 Bxg2 22. O-O-O Bc6 23. Rg1 Rh8 24. Bd3 Be8 25. Rg2 c6 26. Ne2 Rh4 27.
Nc3 a5 28. Kb2 Kh6 29. Ne4 e5 30. Ka3 Bf7 31. Rf2 Rf4 32. Rg2 Bd5 33. Re2 g5
34. Ng3 e6 35. c4 Bxc4 36. Bxc4 Rxc4 37. Rxe5 Kg6 38. Rxe6+ Kf7 39. Re3 Rxc5
40. Rb3 b5 41. axb5 cxb5 42. Ne4 Rd5 43. Rg3 Kg6 44. h4 a4 45. hxg5 Rd4 46. Nc5
Rc4 47. Na6 Re4 48. Nc7 Re5 49. Kb4 Rxg5 50. Rxg5+ Kxg5 51. Nxb5 1/2-1/2

[Event "Flint (Class DE/3)"]
[Site "?"]
[Date "1993.??.??"]
[Round "?"]
[White "Harrison, T."]
[Black "Smeckert, Dennis"]
[Result "0-1"]
[WhiteElo "1605"]
[BlackElo "1605"]
[PlyCount "44"]
[EventDate "1993.??.??"]

1. e4 e5 2. Nf3 Nc6 3. d4 exd4 4. Nxd4 Nxd4 5. Qxd4 b6 6. Nc3 Qf6 7. Qd2 Bb4 8.
Bd3 Bxc3 9. bxc3 Bb7 10. O-O O-O-O 11. Bb2 Qe6 12. c4 f6 13. a4 c5 14. a5 Kc7
15. axb6+ axb6 16. e5 fxe5 17. Qg5 d6 18. Qxg7+ Ne7 19. Bf5 Qxf5 20. Qxe7+ Rd7
21. Qh4 Rg8 22. g3 Qf3 0-1

[Event "Flint (Class DE/4)"]
[Site "?"]
[Date "1993.??.??"]
[Round "?"]
[White "Harrison, T."]
[Black "Kane, Paul"]
[Result "0-1"]
[WhiteElo "1605"]
[BlackElo "1605"]
[PlyCount "76"]
[EventDate "1993.??.??"]

1. e4 c5 2. Nf3 d6 3. d4 cxd4 4. Nxd4 Nf6 5. Nc3 a6 6. a4 e6 7. Be2 Be7 8. O-O
O-O 9. Be3 Qc7 10. f4 Nc6 11. Nb3 Bd7 12. Qe1 Rac8 13. Rd1 Na5 14. Nxa5 Qxa5
15. Qf2 Qb4 16. Bd4 Bxa4 17. Na2 Nxe4 18. Qf3 Qa5 19. Qxe4 Bxc2 20. Qxb7 Qxa2
21. Qxe7 Bxd1 22. Rxd1 d5 23. Qd6 a5 24. Qe5 f6 25. Qxe6+ Kh8 26. Qf5 Qa4 27.
Bc3 Qe4 28. Qxe4 dxe4 29. Bxa5 Rc2 30. Bb4 Rb8 31. Bf1 Rxb2 32. Be7 h6 33. Rd8+
Rxd8 34. Bxd8 e3 35. Bc4 Rb1+ 36. Bf1 e2 37. h3 exf1=Q+ 38. Kh2 Rb2 0-1

[Event "Flint (Beg/2)"]
[Site "?"]
[Date "1993.??.??"]
[Round "?"]
[White "Harris, S."]
[Black "Choate, Eric"]
[Result "0-1"]
[WhiteElo "1605"]
[BlackElo "1605"]
[PlyCount "82"]
[EventDate "1993.??.??"]

1. e4 e5 2. Nf3 Nf6 3. Nc3 Nc6 4. Bc4 Bc5 5. d3 d6 6. Bg5 Bg4 7. O-O O-O 8. Qd2
Bxf3 9. Qe3 Bxe3 10. fxe3 Ne7 11. gxf3 Nh5 12. Bxe7 Qxe7 13. Rae1 Qg5+ 14. Kf2
c6 15. f4 Qh4+ 16. Kf3 b5 17. Bb3 d5 18. exd5 exf4 19. exf4 cxd5 20. Nxd5 Qxh2
21. Ne7+ Kh8 22. Rh1 Qg3+ 23. Ke4 Qxf4+ 24. Kd5 Nf6+ 25. Kc6 Rab8 26. Rhf1 Qe5
27. Rxe5 Rfd8 28. Kc7 Ng4 29. Re4 Nh2 30. Rh1 Nf3 31. Nc6 Rbc8+ 32. Kb7 Rf8 33.
Rf4 Ng5 34. Bxf7 a6 35. Ne7 Rcd8 36. Kxa6 Rb8 37. d4 Rfd8 38. c3 Rd6+ 39. Ka5
Rd7 40. Re4 b4 41. cxb4 Ra7# 0-1

[Event "Flint (Beg/1)"]
[Site "?"]
[Date "1993.??.??"]
[Round "?"]
[White "Harris, S."]
[Black "Autry, R."]
[Result "0-1"]
[WhiteElo "1605"]
[BlackElo "1605"]
[PlyCount "44"]
[EventDate "1993.??.??"]

1. e4 e5 2. Nf3 Nc6 3. Nc3 Bc5 4. Bc4 Nf6 5. d3 d6 6. O-O O-O 7. Bg5 h6 8. Bh4
Bg4 9. h3 Bxf3 10. Qxf3 Nd4 11. Qf5 Nxf5 12. exf5 Qd7 13. Bb5 Qxf5 14. Bg3 c6
15. Bc4 d5 16. Bb3 Qg5 17. Rae1 Qxg3 18. Ne2 Qh4 19. Nc3 g5 20. Rxe5 g4 21.
hxg4 Nxg4 22. Rf5 Qh2# 0-1

[Event "Flint (Class DE/2)"]
[Site "?"]
[Date "1993.??.??"]
[Round "?"]
[White "Harrell, J."]
[Black "Mihelich, John"]
[Result "0-1"]
[WhiteElo "1605"]
[BlackElo "1605"]
[PlyCount "90"]
[EventDate "1993.??.??"]

1. d4 d5 2. c4 Nf6 3. Nc3 h6 4. Nf3 Nc6 5. e3 e6 6. cxd5 exd5 7. Bd3 Bg4 8. a3
Bd6 9. Nb5 O-O 10. O-O a6 11. Nxd6 Qxd6 12. Be2 Qe6 13. Qc2 Ne4 14. Ne1 Bf5 15.
Nd3 Qf6 16. Bd2 Rfe8 17. b4 Rac8 18. Rab1 Re6 19. Nf4 Rd6 20. b5 Ne7 21. Bb4
Rd7 22. Rbc1 g5 23. Nh5 Qg6 24. Qb3 Be6 25. Qc2 Bf5 26. Qd1 Nf6 27. Nxf6+ Qxf6
28. Bg4 axb5 29. Qf3 Qe6 30. Bxe7 Bxg4 31. Qg3 Rxe7 32. h3 Be2 33. Rfe1 Bc4 34.
Rc3 Kh7 35. f3 Rce8 36. Qf2 f5 37. Qc2 Qg6 38. Qd2 f4 39. Kf2 Qh5 40. e4 dxe4
41. fxe4 Rxe4 42. Qc2 Qh4+ 43. g3 Qxh3 44. Rxe4 Qh2+ 45. Kf3 Qxg3# 0-1

[Event "Flint (Class DE/4)"]
[Site "?"]
[Date "1993.??.??"]
[Round "?"]
[White "Harrell, J."]
[Black "Lyons, R."]
[Result "1-0"]
[WhiteElo "1605"]
[BlackElo "1605"]
[PlyCount "67"]
[EventDate "1993.??.??"]

1. d4 e6 2. c4 c5 3. Nf3 Nc6 4. e3 a6 5. d5 Na5 6. Nc3 Nf6 7. e4 Be7 8. d6 Bf8
9. e5 Nh5 10. Ng5 f6 11. Qxh5+ g6 12. Qg4 fxg5 13. Ne4 Nc6 14. Nf6+ Kf7 15.
Qxg5 Bg7 16. Qf4 Bxf6 17. exf6 Qxf6 18. Be2 Qxf4 19. Bxf4 Nd4 20. Bd3 Nf5 21.
O-O b5 22. cxb5 axb5 23. Bxb5 Ba6 24. Bxa6 Rxa6 25. Rfc1 Rb6 26. Be5 Nd4 27.
Rxc5 Ne2+ 28. Kf1 Rc6 29. Rxc6 dxc6 30. Bxh8 Nd4 31. Bxd4 Ke8 32. Rd1 h5 33.
Bb6 e5 34. d7+ 1-0

[Event "Ann Arbor (HV Mini)"]
[Site "?"]
[Date "1993.??.??"]
[Round "?"]
[White "Harlan, K."]
[Black "Wong, A."]
[Result "1-0"]
[WhiteElo "1680"]
[BlackElo "1675"]
[PlyCount "137"]
[EventDate "1993.??.??"]

1. e4 e5 2. Nf3 Nc6 3. Bb5 a6 4. Ba4 Nf6 5. Qe2 b5 6. Bb3 Be7 7. c3 O-O 8. O-O
d6 9. d3 Na5 10. Bc2 c5 11. a4 Rb8 12. Nbd2 Bg4 13. h3 Bh5 14. g4 Bg6 15. Nh2
h6 16. f4 Nc6 17. Ndf3 Qc7 18. f5 Bh7 19. h4 d5 20. g5 dxe4 21. dxe4 Nh5 22.
gxh6 Ng3 23. Qg2 Nh5 24. hxg7 Rfd8 25. Bg5 Nf6 26. Ng4 Nxg4 27. Qxg4 f6 28. Rf2
Rd7 29. axb5 axb5 30. Bh6 c4 31. b3 Bc5 32. Rd1 Rxd1+ 33. Bxd1 Ra8 34. Qh5 Qf7
35. Qxf7+ Kxf7 36. bxc4 b4 37. cxb4 Nxb4 38. Kg2 Bxf2 39. Kxf2 Nd3+ 40. Kg3 Nc5
41. Nd2 Ra3+ 42. Kg2 Bg8 43. h5 Ke7 44. Kf2 Nd3+ 45. Kg2 Nc5 46. Bf3 Rc3 47.
Kf2 Nd3+ 48. Kf1 Nc5 49. Kg2 Nd3 50. Be3 Ne1+ 51. Kf2 Nxf3 52. Kxf3 Rc2 53. h6
Kd6 54. c5+ Kc6 55. Kg4 Rc3 56. Bg1 Rd3 57. Nf3 Rd1 58. Bh2 Kxc5 59. Nxe5 Kd4
60. Ng6 Rd2 61. Ne7 Bh7 62. Bg3 Kxe4 63. g8=Q Bxg8 64. Nxg8 Rd1 65. h7 Rh1 66.
Bh4 Rg1+ 67. Kh3 Kf3 68. Kh2 Rg2+ 69. Kh1 1-0

[Event "Ann Arbor (HVA/3/13)"]
[Site "?"]
[Date "1993.??.??"]
[Round "?"]
[White "Harlan, K."]
[Black "Welch, Joseph"]
[Result "1-0"]
[WhiteElo "1740"]
[BlackElo "1605"]
[PlyCount "145"]
[EventDate "1993.??.??"]

{3/(13)} 1. e4 e6 2. d4 d5 3. e5 c5 4. c3 Nc6 5. Nf3 Qb6 6. Bd3 cxd4 7. cxd4
Nge7 8. O-O Bd7 9. Bc2 Rc8 10. Nc3 Ng6 11. a3 Be7 12. g3 a6 13. h4 Nf8 14. Na4
Qc7 15. Kg2 f6 16. Bf4 fxe5 17. Nxe5 Nxe5 18. Nc3 Bf6 19. dxe5 Be7 20. Bd3 Bc6
21. Ne2 d4+ 22. Kh2 Bf3 23. Rc1 Qd7 24. Rxc8+ Qxc8 25. Qd2 Qd8 26. b4 Bxh4 27.
Nxd4 Bd5 28. f3 Be7 29. Ne2 g5 30. Be3 h5 31. Nc3 h4 32. g4 Bc6 33. Be4 Qxd2+
34. Bxd2 Bxe4 35. Nxe4 Rg8 36. Rd1 Nd7 37. Bc3 Rf8 38. Kg2 h3+ 39. Kg3 Nb6 40.
Rh1 Nd5 41. Rxh3 Nf4 42. Rh2 Rg8 43. Bb2 Nd3 44. Bd4 Rf8 45. Rh5 Rg8 46. Nf6+
Bxf6 47. exf6 e5 48. Be3 Nf4 49. Rh7 Rf8 50. Rxb7 Rxf6 51. Bc5 Rh6 52. Kf2 Rh2+
53. Kf1 Rh3 54. Re7+ Kd8 55. Rxe5 Rxf3+ 56. Kg1 Rg3+ 57. Kf1 Rf3+ 58. Kg1 Rg3+
59. Kf2 Rxg4 60. Kf3 Rg2 61. Be7+ Kd7 62. Bxg5 Rf2+ 63. Kg3 Re2 64. Bxf4 Rxe5
65. Bxe5 Kc6 66. a4 Kd5 67. Bc3 Kc4 68. Kf4 Kxc3 69. b5 axb5 70. axb5 Kb4 71.
b6 Kb5 72. b7 Kc6 73. b8=Q 1-0

[Event "Ann Arbor (HVA/1/19)"]
[Site "?"]
[Date "1993.??.??"]
[Round "?"]
[White "Harlan, K."]
[Black "Venia, Matt"]
[Result "0-1"]
[WhiteElo "1740"]
[BlackElo "1605"]
[PlyCount "32"]
[EventDate "1993.??.??"]

{1/(19)} 1. e4 e5 2. Nf3 Nc6 3. Bb5 a6 4. Ba4 Nf6 5. Qe2 b5 6. Bb3 Be7 7. c3
Na5 8. Nxe5 Nxb3 9. axb3 O-O 10. O-O d5 11. Nc6 Qd6 12. exd5 Nxd5 13. Nxe7+
Nxe7 14. d4 Qg6 15. Qxe7 Bh3 16. Qxc7 Qxg2# 0-1

[Event "Ann Arbor (HV Mini)"]
[Site "?"]
[Date "1993.??.??"]
[Round "?"]
[White "Harlan, K."]
[Black "Smeckert, Dennis"]
[Result "1-0"]
[WhiteElo "1680"]
[BlackElo "1605"]
[PlyCount "57"]
[EventDate "1993.??.??"]

1. e4 e5 2. Nf3 Nc6 3. Bb5 f5 4. d3 d6 5. Nc3 Nf6 6. Qe2 Be7 7. Bg5 O-O 8. Bc4+
Kh8 9. a3 Ng8 10. Bd2 f4 11. O-O-O Bg4 12. Rdf1 a6 13. h3 Nd4 14. Qd1 Bh5 15.
Nb1 b5 16. Ba2 c5 17. Bc3 b4 18. Bxd4 cxd4 19. g4 fxg3 20. fxg3 bxa3 21. Nxa3
Rb8 22. g4 Qb6 23. Nc4 Qb5 24. gxh5 Rfc8 25. Nfd2 Bg5 26. Bb3 a5 27. Nxd6 Bxd2+
28. Qxd2 Qxb3 29. Nf7+ 1-0

[Event "Ann Arbor (HVA/4/6)"]
[Site "?"]
[Date "1993.??.??"]
[Round "?"]
[White "Harlan, K."]
[Black "Skidmore, Jennifer"]
[Result "0-1"]
[WhiteElo "1740"]
[BlackElo "1940"]
[PlyCount "130"]
[EventDate "1993.??.??"]

{4/(6)} 1. e4 e5 2. Nf3 d6 3. d4 Nf6 4. Nbd2 exd4 5. Nxd4 Be7 6. Bc4 O-O 7. O-O
c6 8. Re1 Bg4 9. f3 Bd7 10. Nf1 b5 11. Bd3 Na6 12. c3 Nc7 13. b4 c5 14. bxc5
dxc5 15. Nf5 Bxf5 16. exf5 Nfd5 17. c4 Bf6 18. cxd5 Bxa1 19. Be3 Bc3 20. Bxc5
Bxe1 21. Bxf8 Qxf8 22. Qxe1 Re8 23. Qf2 a6 24. Be4 Qd6 25. Ne3 Rc8 26. Qh4 Qb6
27. Kf2 Ne8 28. Qe7 Nf6 29. d6 Qd4 30. Bc6 Qd2+ 31. Kg3 Qe1+ 32. Kh3 Qd2 33. d7
Rf8 34. Nd5 Qh6+ 35. Kg3 Qg5+ 36. Kf2 Qh4+ 37. Kf1 Qc4+ 38. Kf2 Qh4+ 39. Kf1
Qc4+ 40. Kf2 Nxd7 41. Qxd7 Qxa2+ 42. Kg3 Qe2 43. Ne7+ Kh8 44. Be4 Qe1+ 45. Kh3
Qe3 46. Qd6 Qh6+ 47. Qxh6 gxh6 48. Nc6 Kg7 49. Kg4 Rg8 50. Kf4 Kf6 51. g4 h5
52. h4 h6 53. g5+ hxg5+ 54. hxg5+ Rxg5 55. Nb4 Rg1 56. Nxa6 h4 57. Ke3 h3 58.
f4 Re1+ 59. Kf3 Rxe4 60. Kg3 Re3+ 61. Kh2 Kxf5 62. Nc7 Kg4 63. Nxb5 Re2+ 64.
Kg1 h2+ 65. Kf1 Rb2 0-1

[Event "East Lansing (MI Op/4/10)"]
[Site "?"]
[Date "1993.??.??"]
[Round "?"]
[White "Hankinson, Chris"]
[Black "Smith, Walt"]
[Result "1-0"]
[WhiteElo "2155"]
[BlackElo "1970"]
[PlyCount "75"]
[EventDate "1993.??.??"]

{4/(10)} 1. Nc3 c5 2. e4 Nc6 3. Nge2 g6 4. d4 cxd4 5. Nxd4 Bg7 6. Nde2 Nf6 7.
g3 Qa5 8. Bg2 O-O 9. O-O d6 10. h3 Be6 11. Nd5 Bxd5 12. exd5 Ne5 13. a4 Rac8
14. Ra2 b5 15. c3 b4 16. cxb4 Qxb4 17. b3 Qb6 18. Be3 Qa5 19. Qd4 Rc7 20. b4
Qa6 21. b5 Qb7 22. b6 Rc4 23. Qb2 Nfd7 24. Qb5 a6 25. Qb1 a5 26. Qb5 Ra8 27.
Rb1 Rb4 28. Rxb4 axb4 29. a5 Qa6 30. b7 Ra7 31. b8=Q+ Nxb8 32. Qxb8+ Bf8 33.
Qxa7 Qc4 34. Rd2 f5 35. Qb8 Kf7 36. Nd4 Qc1+ 37. Kh2 Nc4 38. Rc2 1-0

[Event "East Lansing (MI Op/7/7)"]
[Site "?"]
[Date "1993.??.??"]
[Round "?"]
[White "Hankinson, Chris"]
[Black "Fuller, William"]
[Result "1-0"]
[WhiteElo "2155"]
[BlackElo "2020"]
[PlyCount "111"]
[EventDate "1993.??.??"]

{7/(7)} 1. d4 c5 2. d5 Nf6 3. c4 g6 4. Nc3 Bg7 5. Nf3 O-O 6. g3 d6 7. Bg2 e6 8.
O-O e5 9. Bg5 h6 10. Bxf6 Bxf6 11. e4 a6 12. Qd2 Bg7 13. Nh4 Bd7 14. Nd1 Kh7
15. Ne3 Bf6 16. Nf3 Qc8 17. h4 Kg7 18. Nh2 b5 19. b4 a5 20. bxc5 Qxc5 21. cxb5
Bxb5 22. Rfc1 Qd4 23. Qxd4 exd4 24. Neg4 Bd8 25. Nf3 h5 26. Nxd4 Ba6 27. Ne3
Bf6 28. Rd1 Nd7 29. Rac1 Bxd4 30. Rxd4 Ne5 31. f4 Nd3 32. Rc3 Ne1 33. Rc6 Rfd8
34. Nc4 Nc2 35. Rd2 Nb4 36. Rc7 Bxc4 37. Rxc4 Rdc8 38. Rxc8 Rxc8 39. e5 Rc1+
40. Kh2 Ra1 41. exd6 Kf8 42. Re2 Rxa2 43. d7 Rxe2 44. d8=Q+ Kg7 45. Qxa5 Nc2
46. Qa2 Kh6 47. Qb2 Kh7 48. d6 Rd2 49. d7 Rxd7 50. Qxc2 f5 51. Qc4 g5 52. Qe6
Rg7 53. Qxf5+ Kh8 54. Qf8+ Kh7 55. Be4+ Rg6 56. f5 1-0

[Event "East Lansing (MI Op/2/11)"]
[Site "?"]
[Date "1993.??.??"]
[Round "?"]
[White "Hankinson, Chris"]
[Black "Bailey, Greg"]
[Result "1/2-1/2"]
[WhiteElo "2155"]
[BlackElo "2000"]
[PlyCount "117"]
[EventDate "1993.??.??"]

{2/(11)} 1. Nc3 d5 2. e4 d4 3. Nb1 e5 4. Bc4 Nf6 5. d3 c6 6. a3 b5 7. Ba2 Bd6
8. Ne2 Qc7 9. O-O Bg4 10. h3 Bxe2 11. Qxe2 Nbd7 12. Nd2 O-O 13. Nf3 c5 14. Nh4
g6 15. Bh6 Rfc8 16. Qd2 c4 17. Qg5 Nh5 18. g3 Nb6 19. Nf5 f6 20. Qg4 Bf8 21.
Bxf8 Kxf8 22. f4 Na4 23. Nh4 Kf7 24. f5 Rg8 25. fxg6+ hxg6 26. Rf3 Qc8 27. Nxg6
Nf4 28. Qxc8 Raxc8 29. Nxf4 exf4 30. Rxf4 Rxg3+ 31. Kh2 Rcg8 32. dxc4 Rg2+ 33.
Kh1 R8g3 34. cxb5+ Ke7 35. Bb3 Nc5 36. Rg4 Nxb3 37. cxb3 Rxg4 38. hxg4 Rxb2 39.
Rd1 Rxb3 40. Rxd4 Rxa3 41. Kg2 Ke6 42. Rd5 Re3 43. Rd4 Rb3 44. Rd5 Re3 45. Rd4
Ke5 46. Ra4 Rxe4 47. Rxa7 Rxg4+ 48. Kf3 Rb4 49. Ra5 Rb3+ 50. Ke2 Rb2+ 51. Kd3
Kd5 52. Kc3 Rf2 53. b6+ Kc6 54. Rb5 Rf3+ 55. Kd4 Kb7 56. Ke4 Rh3 57. Rb2 Rc3
58. Kf4 Rc6 59. Rb1 1/2-1/2

[Event "East Lansing (MI Op/6/6)"]
[Site "?"]
[Date "1993.??.??"]
[Round "?"]
[White "Hahn, David"]
[Black "Vandivier, Don"]
[Result "0-1"]
[WhiteElo "2240"]
[BlackElo "2065"]
[PlyCount "82"]
[EventDate "1993.??.??"]

{6/(6)} 1. c4 c5 2. Nf3 Nc6 3. Nc3 g6 4. d4 cxd4 5. Nxd4 Bg7 6. e3 Nf6 7. Be2
d6 8. O-O Bd7 9. b3 O-O 10. Bb2 Qc8 11. Qd2 Bg4 12. f3 Bd7 13. Rac1 Qd8 14.
Nxc6 bxc6 15. c5 d5 16. b4 Rb8 17. Nd1 Qc7 18. Nf2 e5 19. a4 Rfe8 20. Nd1 Bh6
21. Qe1 d4 22. Qh4 Bg7 23. b5 cxb5 24. c6 Bf5 25. e4 Be6 26. axb5 Red8 27. Bd3
Ne8 28. Qe1 Nd6 29. Qb4 a6 30. b6 Rxb6 31. Qa5 Nb5 32. Bxb5 axb5 33. Nf2 Bc4
34. Rfd1 Rxc6 35. Qb4 Bh6 36. Ra1 Be3 37. g3 Qd6 38. Qa5 Rdc8 39. Ba3 Qc7 40.
Qb4 Be2 41. Re1 Rc2 0-1

[Event "Flint (MEX/2)"]
[Site "?"]
[Date "1993.??.??"]
[Round "?"]
[White "Hahn, David"]
[Black "Jarosz, Stan"]
[Result "1-0"]
[WhiteElo "2245"]
[BlackElo "2015"]
[PlyCount "65"]
[EventDate "1993.??.??"]

1. c4 e6 2. g3 d5 3. Bg2 Nf6 4. Nf3 Be7 5. O-O O-O 6. b3 b6 7. Bb2 Bb7 8. e3
dxc4 9. bxc4 c5 10. Nc3 Nc6 11. Qe2 Qd7 12. Rfd1 Rfd8 13. Ne1 a6 14. Rab1 Nb4
15. Bxb7 Qxb7 16. a3 Nc6 17. f4 Rab8 18. Ba1 Qc7 19. g4 Na7 20. g5 Ne8 21. Nf3
Nd6 22. a4 Qc6 23. Ne5 Qe8 24. Qg2 b5 25. axb5 axb5 26. cxb5 Ndxb5 27. Ne4 Kh8
28. Ng4 Qc6 29. Ne5 Qd5 30. Nxf7+ Kg8 31. Nxd8 Rxd8 32. Nc3 Nxc3 33. Bxc3 1-0

[Event "East Lansing (MI Op/4/8)"]
[Site "?"]
[Date "1993.??.??"]
[Round "?"]
[White "Hahn, David"]
[Black "Foote, F."]
[Result "1-0"]
[WhiteElo "2240"]
[BlackElo "2025"]
[PlyCount "59"]
[EventDate "1993.??.??"]

{4/(8)} 1. c4 Nf6 2. Nc3 d5 3. cxd5 Nxd5 4. Nf3 c5 5. Qa4+ Nc6 6. Ne5 Bd7 7.
Nxd7 Qxd7 8. e3 e6 9. Be2 Ndb4 10. O-O Be7 11. d3 O-O 12. a3 Nd5 13. Bd2 e5 14.
Nxd5 Qxd5 15. Bc3 Qe6 16. b4 a6 17. b5 axb5 18. Qxb5 c4 19. dxc4 Bxa3 20. Rfd1
b6 21. Qd5 Qh6 22. Bf3 Rfc8 23. Qd7 Qe6 24. Bxc6 Rxc6 25. Rxa3 Rac8 26. Qd8+
Qe8 27. Qxe8+ Rxe8 28. Bxe5 Rxc4 29. Rb3 f6 30. Bd4 1-0

[Event "Flint (MEX/3)"]
[Site "?"]
[Date "1993.??.??"]
[Round "?"]
[White "Hahn, David"]
[Black "Finegold, Ben"]
[Result "1/2-1/2"]
[WhiteElo "2245"]
[BlackElo "2550"]
[PlyCount "55"]
[EventDate "1993.??.??"]

1. g3 d5 2. Bg2 Nf6 3. d3 c6 4. f4 Nbd7 5. Nf3 Qc7 6. Nc3 e5 7. e4 dxe4 8. Nxe4
Nxe4 9. dxe4 Bc5 10. Qe2 O-O 11. f5 a5 12. g4 b6 13. Be3 Ba6 14. Qf2 Qd6 15.
Rd1 Qe7 16. g5 Rfd8 17. Bf1 Bxe3 18. Qxe3 Bxf1 19. Kxf1 Qb4 20. b3 Nc5 21. Kg2
f6 22. gxf6 gxf6 23. Nxe5 Rxd1 24. Rxd1 fxe5 25. Qg5+ Kf7 26. Qh5+ Kg8 27. Qg5+
Kf7 28. Qh5+ 1/2-1/2

[Event "East Lansing (MI Op/2/8)"]
[Site "?"]
[Date "1993.??.??"]
[Round "?"]
[White "Hahn, David"]
[Black "Clark, K."]
[Result "1-0"]
[WhiteElo "2240"]
[BlackElo "2030"]
[PlyCount "115"]
[EventDate "1993.??.??"]

{2/(8)} 1. c4 Nf6 2. Nc3 e5 3. Nf3 d6 4. d4 exd4 5. Nxd4 Nc6 6. Nxc6 bxc6 7. g3
d5 8. Bg2 Bb4 9. Qa4 Bxc3+ 10. bxc3 Bd7 11. Ba3 Ne4 12. Bxe4 dxe4 13. O-O c5
14. Qa5 O-O 15. Qxc5 Re8 16. Rad1 Qc8 17. Rd4 Bg4 18. Re1 h5 19. Bc1 Qa6 20. h3
Bxh3 21. Qxh5 Qe6 22. Bf4 Rac8 23. Qc5 a6 24. Rd5 Qb6 25. Be3 Be6 26. Re5 Qxc5
27. Rxc5 Bg4 28. Bf4 c6 29. Be3 f6 30. Kg2 Rc7 31. f3 exf3+ 32. exf3 Bd7 33.
Kf2 Rb7 34. Re2 Rb1 35. Rd2 Bh3 36. Rxc6 Rf1+ 37. Ke2 Rg1 38. Kd3 Rxg3 39. Rf2
Rg1 40. Rd6 Re1 41. Bd2 Bf5+ 42. Kd4 R1e6 43. c5 Re2 44. Rxe2 Rxe2 45. Kc4 Rf2
46. f4 Kf7 47. c6 Ke7 48. Rd4 g5 49. fxg5 fxg5 50. Bxg5+ Ke8 51. c7 Be6+ 52.
Kd3 Rf5 53. Rd8+ Kf7 54. Be3 Ra5 55. c8=Q Bxc8 56. Rxc8 Ke7 57. Rc4 Rxa2 58.
Rd4 1-0

[Event "East Lansing (MI Op/3/11)"]
[Site "?"]
[Date "1993.??.??"]
[Round "?"]
[White "Haakonstad, Olaf"]
[Black "Linn, Peter"]
[Result "0-1"]
[WhiteElo "1825"]
[BlackElo "2100"]
[PlyCount "58"]
[EventDate "1993.??.??"]

{3/(11)} 1. e4 e6 2. d4 d5 3. Nc3 Bb4 4. e5 c5 5. a3 Bxc3+ 6. bxc3 Ne7 7. Bd3
Nbc6 8. Be3 Qa5 9. Qd2 Bd7 10. Nf3 c4 11. Be2 h6 12. O-O O-O-O 13. h3 Rdg8 14.
Rfb1 Nf5 15. Nh2 h5 16. Bg5 Rf8 17. g4 hxg4 18. Bxg4 Nh6 19. a4 Nxg4 20. hxg4
Rh3 21. f3 Rfh8 22. Bf4 g5 23. Bxg5 Rxh2 24. Qxh2 Rxh2 25. Kxh2 Qxc3 26. Ra2
Nxd4 27. Rab2 Nxf3+ 28. Kh1 Nxg5 29. Rxb7 a6 0-1

[Event "East Lansing (MI Op/5/29)"]
[Site "?"]
[Date "1993.??.??"]
[Round "?"]
[White "Haakonstad, Olaf"]
[Black "Levadi, David"]
[Result "0-1"]
[WhiteElo "1825"]
[BlackElo "1940"]
[PlyCount "62"]
[EventDate "1993.??.??"]

{5/(29)} 1. e4 Nc6 2. Nf3 Nf6 3. e5 Nd5 4. d4 d6 5. Bb5 Bd7 6. c4 Nb6 7. exd6
cxd6 8. b3 g6 9. Bb2 Bg7 10. Nbd2 O-O 11. Rb1 Nb4 12. Bxd7 Nd3+ 13. Ke2 Nf4+
14. Kf1 Qxd7 15. g3 Qh3+ 16. Ke1 Nd3+ 17. Ke2 Nxb2 18. Rxb2 e5 19. Ne4 exd4 20.
Kd3 d5 21. cxd5 Nxd5 22. a3 Qf5 23. Nh4 Qd7 24. Qf3 Rac8 25. Rc2 Qb5+ 26. Kd2
Bh6+ 27. Kd1 Rxc2 28. Kxc2 d3+ 29. Kb2 Bg7+ 30. Ka2 Rc8 31. b4 Qc4+ 0-1

[Event "Flint (Class A/4)"]
[Site "?"]
[Date "1993.??.??"]
[Round "?"]
[White "Haakonstad, Olaf"]
[Black "June, Brian"]
[Result "0-1"]
[WhiteElo "1850"]
[BlackElo "1900"]
[PlyCount "122"]
[EventDate "1993.??.??"]

1. e4 c5 2. Nf3 Nc6 3. Bb5 g6 4. O-O Bg7 5. Nc3 e5 6. d3 Nge7 7. Bg5 O-O 8. Nd5
f6 9. Be3 d6 10. Bc4 Kh8 11. a4 f5 12. Bg5 f4 13. Bb5 h6 14. Bxe7 Nxe7 15. Bc4
Bg4 16. h3 Bd7 17. Nd2 Nc6 18. c3 Rc8 19. Kh2 Qh4 20. Nf3 Qh5 21. Ng1 f3 22.
gxf3 Bf6 23. f4 Qh4 24. Qd2 exf4 25. Nxf6 Rxf6 26. d4 cxd4 27. cxd4 f3 28. Bd5
Rf4 29. Qe3 Rcf8 30. e5 Nxd4 31. e6 Be8 32. Qc3 Kh7 33. Qc7+ Kh8 34. Qxd6 Qg5
35. Nxf3 Nxf3+ 36. Bxf3 Rxf3 37. Qd4+ Qf6 38. Rad1 Qxd4 39. Rxd4 Rxf2+ 40. Rxf2
Rxf2+ 41. Kg3 Re2 42. Rb4 Bc6 43. a5 Rxe6 44. Rd4 Kg7 45. b4 Re4 46. Rd8 Rxb4
47. a6 Rb6 48. axb7 Rxb7 49. Rd6 Be4 50. Ra6 Bf5 51. h4 Bd3 52. Ra3 Rd7 53. Kg4
a6 54. Kf4 Bb5 55. Rc3 Rd4+ 56. Ke5 Rc4 57. Rh3 a5 58. Ke6 g5 59. hxg5 hxg5 60.
Rf3 Rf4 61. Rb3 Bc4+ 0-1

[Event "Flint (Class A/2)"]
[Site "?"]
[Date "1993.??.??"]
[Round "?"]
[White "Haakonstad, Olaf"]
[Black "Johnson, Henry"]
[Result "0-1"]
[WhiteElo "1850"]
[BlackElo "1800"]
[PlyCount "34"]
[EventDate "1993.??.??"]

1. e4 d6 2. d4 Nf6 3. Nc3 g6 4. f4 Bg7 5. Nf3 a6 6. Bd3 b5 7. a3 Bb7 8. O-O O-O
9. f5 c5 10. fxg6 hxg6 11. dxc5 dxc5 12. e5 Ng4 13. e6 f5 14. h3 Bd4+ 15. Kh1
Qd6 16. hxg4 Kg7 17. Ng5 Rh8+ 0-1

[Event "Lansing (MI Am/1)"]
[Site "?"]
[Date "1993.??.??"]
[Round "?"]
[White "Haakonstad, Olaf"]
[Black "Gaiefsky, S."]
[Result "1-0"]
[WhiteElo "1800"]
[BlackElo "1605"]
[PlyCount "55"]
[EventDate "1993.??.??"]

1. e4 g6 2. d4 Bg7 3. Be3 d6 4. f4 e6 5. Nc3 Nd7 6. Nf3 Ne7 7. Bd3 O-O 8. Qd2
d5 9. O-O c6 10. Ng5 Nf6 11. h3 h6 12. Nf3 Nh7 13. f5 exf5 14. exf5 Nxf5 15.
Bxf5 Bxf5 16. Bxh6 f6 17. Rf2 g5 18. Bxg7 Kxg7 19. Re1 Qd6 20. Rfe2 Bxh3 21.
Re7+ Rf7 22. Rxf7+ Kxf7 23. gxh3 Qg3+ 24. Qg2 Qf4 25. Qg4 Rg8 26. Qh5+ Kf8 27.
Re8+ Kg7 28. Re7+ 1-0

[Event "Lansing (MI Am/3)"]
[Site "?"]
[Date "1993.??.??"]
[Round "?"]
[White "Haakonstad, Olaf"]
[Black "Foote, F."]
[Result "0-1"]
[WhiteElo "1800"]
[BlackElo "1990"]
[PlyCount "78"]
[EventDate "1993.??.??"]

1. e4 c6 2. d4 d5 3. Nc3 dxe4 4. Nxe4 Bf5 5. Ng3 Bg6 6. Nf3 Nd7 7. Bf4 Ngf6 8.
Bd3 e6 9. O-O Be7 10. Re1 O-O 11. c4 c5 12. Bxg6 hxg6 13. d5 exd5 14. cxd5 Re8
15. d6 Bf8 16. Qb3 Qb6 17. Qxb6 axb6 18. Rxe8 Rxe8 19. Rd1 Nh5 20. Nxh5 gxh5
21. Kf1 f6 22. h4 Kf7 23. Nd2 Re6 24. Nc4 Re4 25. Nxb6 Nxb6 26. d7 Nxd7 27.
Rxd7+ Ke6 28. Rxb7 Rxf4 29. g3 Rb4 30. Ra7 Rxb2 31. a4 c4 32. Rc7 Kd5 33. a5
Bc5 34. Rxg7 c3 35. Rd7+ Kc4 36. Ke1 Rb1+ 37. Ke2 c2 38. a6 c1=Q 39. a7 Qe1+
0-1